Jugadores con más partidos y goles en el Villarreal CF - Estadísticas

Estadísticas generales
  • Esta prueba ha sido intentada 85 veces
  • La puntuación promedio es 11 de 30
Estadísticas de respuestas
Hint Respuesta % Correcto
268 Gerard Moreno
85%
117 Gerard Moreno
85%
59 Forlán
80%
45 Riquelme
80%
423 Bruno Soriano
62%
31 Bruno Soriano
62%
361 Marcos Senna
61%
330 Cazorla
56%
57 Cazorla
56%
82 Rossi
56%
471 Trigueros
52%
38 Trigueros
52%
33 Marcos Senna
48%
421 Mario Gaspar
39%
34 Nilmar
33%
47 Cédric Bakambu
31%
43 Bacca
26%
326 Cani
26%
32 Cani
26%
266 Jaume Costa
26%
276 Arruabarrena
15%
254 Gonzalo Rodríguez
13%
258 Javi Venta
13%
247 Musacchio
10%
36 Uche
10%
42 Víctor Fernández
10%
37 Chukwueze
8%
207 Chukwueze
7%
221 Moi Gómez
3%
244 Quique Álvarez
3%
No se encontraron pruebas coincidentes
Distribución de puntuación
Porcentaje de gente con cada puntuación
Porcentaje por número respondido
Historial de tus puntuaciones
No has intentado esta prueba.